Capitals to Continent - Tile Select - Statistics

General Stats
  • This quiz has been taken 59 times
  • The average score is 54 of 60
Answer Stats
Question Tile Select % Correct
South America Canberra No
100%
Europe Kingstown No
100%
Europe Lima No
100%
South America London No
100%
Europe Wellington No
100%
Asia Beijing Yes
98%
Asia Belgrade No
98%
South America Brasilia Yes
98%
South America Buenos Aires Yes
98%
Europe Kyiv Yes
98%
Europe Lisbon Yes
98%
North America Paris No
98%
Europe Stockholm Yes
98%
Europe Baku No
96%
Asia Hanoi Yes
96%
North America Helsinki No
96%
Asia Jerusalem Yes
96%
North America Mexico City Yes
96%
Europe Tunis No
96%
Africa Addis Ababa Yes
94%
North America Banjul No
94%
South America Bogota Yes
94%
Asia Cairo No
94%
Asia Honiara No
94%
South America Kingston No
94%
Africa Kinshasa Yes
94%
Asia Kuwait City Yes
94%
North America Lusaka No
94%
Africa Manila No
94%
Europe Sofia Yes
94%
Asia Victoria No
94%
North America Washington D.C. Yes
94%
Africa Amman No
93%
South America La Paz Yes
93%
Asia Paramaribo No
93%
South America Santiago Yes
93%
Asia Ulaanbaatar Yes
93%
Africa Valletta No
91%
Africa Muscat No
89%
South America San Jose No
89%
Asia Suva No
89%
South America Asuncion Yes
87%
Europe Monrovia No
87%
Europe Vaduz Yes
87%
South America Santo Domingo No
85%
Africa Antananarivo Yes
83%
Africa Bissau Yes
81%
Africa Harare Yes
81%
Europe Podgorica Yes
81%
Africa Windhoek Yes
81%
Africa Dili No
80%
North America Port Moresby No
80%
Africa Nuku'alofa No
78%
North America Nassau Yes
76%
Asia Vientiane Yes
76%
North America Bridgetown Yes
74%
North America Port of Spain Yes
74%
North America Freetown No
70%
North America Castries Yes
57%
South America Georgetown Yes
54%
No matching quizzes found
Score Distribution
Percent of People with Each Score
Percentile by Number Answered
Your Score History
You have not taken this quiz